| 000 | 01069nam a2200337 a 4500 | ||
|---|---|---|---|
| 003 | AR-BaBNM | ||
| 005 | 20251128203914.0 | ||
| 008 | 082120s2002 ||||||||||||||000 | spa|| | ||
| 040 | _cAR-BaBNM | ||
| 100 | 1 | _aGarcía de Settembrino, Zulema | |
| 245 | 0 | 0 |
_aDidáctica de las ciencias sociales _b3er ciclo |
| 260 |
_aBuenos Aires _bVocación Docente _c1993 |
||
| 300 |
_a228 p. _bil. |
||
| 500 | _aPosee fichero de actividades 6to y 7mo grado, compuesto de 46 fichas por grado cuya ubicación es 372.83 GARD 3a | ||
| 650 | 4 | _aACTIVIDADES DE APRENDIZAJE | |
| 650 | 4 | _aCIENCIAS SOCIALES | |
| 650 | 4 | _aOBJETIVOS EDUCACIONALES | |
| 650 | 4 | _aEVALUACION DEL ALUMNO | |
| 650 | 4 | _aTECNICAS DIDACTICAS | |
| 650 | 4 | _aTECNICAS DE ENSEÑANZA | |
| 650 | 4 | _aMETODOS DE ENSEÑANZA | |
| 650 | 4 | _aDESARROLLO DEL NIÑO | |
| 650 | 4 | _aPSICOLOGIA DEL NIÑO | |
| 650 | 4 | _aPSICOLOGIA EVOLUTIVA | |
| 650 | 4 | _aPARTICIPACION DEL ALUMNO | |
| 650 | 4 | _aPROYECTOS DEL ALUMNO | |
| 653 | _aCONSTRUCTIVISMO | ||
| 653 | _aEDUCACION PRIMARIA | ||
| 942 | _cBK | ||
| 998 | _cEnrique | ||
| 999 |
_c5419 _d5419 |
||